[Event "Turkey IS Bank Super League 2017"]
[Site "Darica-Kocaeli"]
[Date "2017.08.03"]
[Round "9"]
[White "Temizkan, D.."]
[Black "Dastan, Muhammed Batuhan"]
[Result "0-1"]
[WhiteElo "2214"]
[BlackElo "2529"]
[Annotator "TA"]
[PlyCount "140"]
[EventType "team-tourn"]
[EventCountry "TUR"]
[SourceTitle "playchess.com"]
[Source "ChessBase"]
[SourceQuality "1"]

{[%evp 19,140,41,62,64,78,47,57,10,11,-26,-19,-48,-37,-53,-51,-45,-45,-45,-47,-56,-52,-55,-55,-65,-58,-97,-80,-127,-132,-125,-127,-128,-110,-218,-204,-203,-132,-175,-181,-177,-182,-178,-179,-274,-270,-271,-183,-181,-173,-173,-173,-173,-173,-173,-173,-173,-175,-175,-175,-169,-152,-177,-170,-170,-172,-172,-175,-213,-169,-195,-175,-215,-160,-217,-152,-288,-288,-263,-216,-272,-263,-264,-264,-264,-264,-264,-264,-286,-271,-274,-228,-251,-223,-264,-264,-264,-258,-258,-268,-300,-287,-286,-279,-262,-270,-345,-345,-345,-345,-565,-537,-514,-469,-952,-931,-970,-960,-947,-940,-940,-912,-866,-805]} 1. d4 f5 2. Nf3 Nf6 3. g3 g6 4. Bg2 Bg7 5. O-O O-O 6. b3 Ne4 7. Bb2 d5 8. c4 Be6 9. Nbd2 c6 10. e3 {A81: Dutch Defence: 2 g3} (10. Qc2 Nd7 11. Rac1 h6 12. a3 a5 13. Rfd1 Rc8 14. Ne1 b5 15. Nd3 dxc4 16. bxc4 Nxd2 17. Qxd2 bxc4 {½-½ (39) Mareco,S (2565)-Ganguly,S (2639) Jakarta 2013}) 10... Kh8 {LiveBook: 5 Games} 11. Rc1 a5 {[%cal Ba7a5,Ba5a4][%mdl 32]} 12. Qe2 {White is better.} Nd7 $146 ({Predecessor:} 12... a4 13. b4 a3 14. Ba1 Qb6 15. Rb1 Nxd2 16. Nxd2 dxc4 {0-1 (103) Swinkels,R (2478)-Deglmann,L (2397) Germany 2011}) 13. Nxe4 dxe4 14. Ng5 Bg8 15. f4 a4 16. Bc3 Qb6 17. Qb2 $1 Qa7 18. Rf2 h6 19. Nh3 axb3 20. axb3 Qa3 21. Rb1 c5 22. Rd2 cxd4 23. Qxa3 Rxa3 24. Bb4 Ra6 25. exd4 Bf6 26. Kf2 (26. Rdd1 $17) 26... Rfa8 $19 27. Bf1 Ra2 28. Ke3 Rxd2 29. Bxd2 Ra2 30. Bc3 b5 31. Rb2 (31. Nf2 {might work better.}) 31... Ra1 32. Be2 Nb6 33. Nf2 bxc4 34. bxc4 Ra3 35. Nd1 Nxc4+ 36. Bxc4 Bxc4 37. Kd2 Kg8 38. Ne3 Be6 39. Nc2 Rb3 40. Rxb3 Bxb3 $17 {[%mdl 4096] Endgame KBB-KBN} 41. Nb4 e6 42. Nc6 g5 43. Bb4 Kf7 44. Ne5+ Ke8 45. Ba5 Bd5 46. Ke3 (46. fxg5 $17 hxg5 47. Ke3) 46... Be7 47. Bd2 (47. fxg5 $17 {keeps fighting.} hxg5 48. Ke2) 47... gxf4+ $19 48. gxf4 h5 49. Ng6 Bd8 50. Bb4 Kd7 51. Ne5+ {[#]} Kc8 $1 52. Nf7 Bb6 53. Ne5 Kb7 54. Be7 Bc6 55. Nf7 Kc8 56. Ne5 Bb5 57. Bb4 Kb7 58. Ng6 Bc4 59. Ne7 Ka6 60. Nc8 Bc7 61. Nd6 Bd5 62. Bc5 Ba5 63. Ne8 Kb5 64. Be7 $2 {[#]} (64. Ba3 {was worth a try.}) 64... Kc4 {Black is clearly winning.} 65. Bh4 Kb3 66. Ke2 (66. Nd6 $142) 66... Bc4+ 67. Ke3 Kc2 68. Nf6 Bd2+ 69. Kf2 e3+ 70. Kf3 Kd3 {Precision: White = 45%, Black = 89%.} 0-1

[Event "Turkey IS Bank Super League 2017"]
[Site "Darica-Kocaeli"]
[Date "2017.08.03"]
[Round "9"]
[White "Yilmaz, Goktan"]
[Black "Ertan, Can"]
[Result "1/2-1/2"]
[WhiteElo "2202"]
[BlackElo "2377"]
[Annotator "NA"]
[PlyCount "125"]
[EventType "team-tourn"]
[EventCountry "TUR"]
[SourceTitle "playchess.com"]
[Source "ChessBase"]
[SourceQuality "1"]
[TimeControl "40/5400+30:1800+30"]

1. e4 {[%emt 0:00:30]} e5 {[%emt 0:01:00]} 2. Nf3 {[%emt 0:00:30]} Nc6 {[%emt 0:00:30]} 3. Bb5 {[%emt 0:00:00]} a6 {[%emt 0:00:30]} 4. Ba4 {[%emt 0:00:00]} Nf6 {[%emt 0:00:30]} 5. O-O {[%emt 0:00:30]} Be7 {[%emt 0:00:00]} 6. Re1 {[%emt 0:00:00] LiveBook: 29421 Games} b5 {[%emt 0:00:00]} 7. Bb3 {[%emt 0:00:00]} O-O {[%emt 0:00:00]} 8. a4 {[%emt 0:01:30]} b4 {[%emt 0:00:00]} 9. d4 {[%emt 0:00:30]} Nxd4 {[%emt 0:20:30] C88: Closed Ruy Lopez: Anti-Marshall Systems} (9... d6 10. dxe5 dxe5 11. Qxd8 Rxd8 12. h3 Na5 13. Ba2 Nd7 14. Bg5 Kf8 15. Nbd2 f6 16. Be3 Nb6 17. Bxb6 cxb6 18. Bd5 Ra7 {½-½ (41) Nakamura,H (2785)-Aronian,L (2793) Stavanger 2017}) 10. Bxf7+ {[%emt 0:18:30]} Rxf7 {[%emt 0:00:30]} 11. Nxe5 {[%emt 0:00:30]} Rf8 $146 {[%emt 0:00:00]} ({Predecessor:} 11... Ne6 12. Nxf7 Kxf7 13. e5 Bb7 14. exf6 Bxf6 15. Nd2 Kg8 16. Ne4 Be5 17. Qh5 {0-1 (35) McKay,R-Toth,P Ybbs 1968}) 12. Qxd4 {[%emt 0:00:00]} Bb7 {[%emt 0:01:00] [%clk 1:12]} 13. Bg5 {[%emt 0:24:00]} (13. Nd2 $16) 13... c5 {[%emt 0:07:30]} 14. Qc4+ {[%emt 0:03:30]} d5 {[%emt 0:01:30]} 15. exd5 {[%emt 0:00:30]} Bxd5 {[%emt 0:08:30]} 16. Qh4 {[%emt 0:00:30]} (16. Qd3 $16) 16... Qc7 {[%emt 0:13:30]} 17. Nd2 {[%emt 0:04:30]} Rae8 {[%emt 0:01:30]} 18. Ndc4 {[%emt 0:05:30]} Bd8 {[%emt 0:19:30]} 19. Rad1 {[%emt 0:04:30]} Re6 {[%emt 0:00:30]} 20. Qh3 {[%emt 0:11:30]} Qb7 {[%emt 0:02:30]} 21. b3 {[%emt 0:08:49]} Ne4 {[%emt 0:07:12]} 22. Be3 {[%emt 0:01:30]} Bc7 {[%emt 0:04:30]} 23. f4 {[%emt 0:01:12]} Rfe8 {[%emt 0:00:25]} 24. Nd3 {[%emt 0:05:53]} Rh6 {[%emt 0:06:47]} 25. Qd7 {[%emt 0:03:13]} Bc6 {[%emt 0:01:05]} 26. Qg4 {[%emt 0:01:56]} Rg6 {[%emt 0:00:07]} 27. Qh3 {[%emt 0:00:17]} Qa8 {[%emt 0:03:02]} 28. Nde5 {[%emt 0:01:37]} Rh6 {[%emt 0:00:46]} 29. Qg4 {[%emt 0:00:08]} Nf6 {[%emt 0:00:50]} 30. Qe2 {[%emt 0:00:05]} Ne4 {[%emt 0:00:15]} 31. Qg4 {[%emt 0:01:07]} Nc3 {[%emt 0:00:49]} 32. Rd2 {[%emt 0:00:52]} Ne4 {[%emt 0:01:01]} 33. Rdd1 {[%emt 0:00:04]} Bxe5 {[%emt 0:00:07]} 34. Nxe5 {[%emt 0:00:22]} Rxe5 {[%emt 0:00:51]} 35. fxe5 {[%emt 0:00:01]} Rg6 {[%emt 0:00:00]} 36. Qh4 {[%emt 0:00:51]} Bd5 {[%emt 0:00:11]} 37. g3 {[%emt 0:01:25]} h6 {[%emt 0:00:31]} 38. Bc1 {[%emt 0:01:42]} Nc3 {[%emt 0:00:10]} 39. Rd2 {[%emt 0:00:00]} Qc8 {[%emt 0:01:13]} 40. Bb2 {[%emt 0:00:00]} Rg4 {[%emt 0:01:08]} 41. Qe7 {[%emt 0:03:26]} Rd4 {[%emt 0:11:21]} 42. Bxc3 {[%emt 0:01:30]} bxc3 {[%emt 0:00:22]} 43. Rxd4 {[%emt 0:01:30]} cxd4 {[%emt 0:00:06]} 44. e6 {[%emt 0:00:00]} d3 {[%emt 0:00:46]} 45. cxd3 {[%emt 0:03:00]} c2 {[%emt 0:00:51]} 46. Qf7+ {[%emt 0:00:30]} Kh8 {[%emt 0:00:05]} 47. Qf4 {[%emt 0:01:30]} Bxe6 {[%emt 0:00:06]} 48. b4 {[%emt 0:04:30]} Qc3 {[%emt 0:00:31]} 49. Qe3 {[%emt 0:00:30]} Bf5 {[%emt 0:02:58]} 50. b5 {[%emt 0:02:17]} axb5 {[%emt 0:00:54]} 51. axb5 {[%emt 0:00:01]} Bxd3 {[%emt 0:00:14]} 52. b6 {[%emt 0:00:35]} Qb2 $2 {[%emt 0:01:34]} (52... Qb4 $14) 53. b7 {[%emt 0:08:43]} Bg6 {[%emt 0:00:43]} 54. Qa7 {[%emt 0:01:23]} c1=Q {[%emt 0:02:11]} 55. b8=Q+ {[%emt 0:00:03]} Kh7 {[%emt 0:00:00]} 56. Rxc1 $2 {[%emt 0:04:10]} (56. Qxb2 $18 Qxb2 57. Qe3) 56... Qxc1+ {[%emt 0:00:00]} 57. Kf2 {[%emt 0:00:00]} Qc2+ $11 {[%emt 0:00:09]} 58. Ke1 {[%emt 0:01:53]} Qc1+ {[%emt 0:00:39]} 59. Ke2 {[%emt 0:00:28]} Qc2+ {[%emt 0:00:33]} 60. Ke3 {[%emt 0:00:17]} Qd3+ {[%emt 0:00:00]} 61. Kf2 {[%emt 0:00:34]} Qc2+ {[%emt 0:00:00]} 62. Kg1 {[%emt 0:00:41]} Qc1+ {[%emt 0:00:26]} 63. Kf2 {[%emt 0:02:52]} 1/2-1/2

[Event "Turkey IS Bank Super League 2017"]
[Site "Darica-Kocaeli"]
[Date "2017.08.03"]
[Round "9"]
[White "Tofan, Ibrahim"]
[Black "Topak, Engin"]
[Result "0-1"]
[WhiteElo "2194"]
[BlackElo "2192"]
[Annotator "NA"]
[PlyCount "131"]
[EventType "team-tourn"]
[EventCountry "TUR"]
[SourceTitle "playchess.com"]
[Source "ChessBase"]
[SourceQuality "1"]
[TimeControl "40/5400+30:1800+30"]

1. c4 {[%emt 0:00:30]} Nf6 {[%emt 0:01:00]} 2. Nc3 {[%emt 0:00:30]} g6 {[%emt 0:01:30]} 3. g3 {[%emt 0:01:30]} Bg7 {[%emt 0:00:30]} 4. Bg2 {[%emt 0:00:30]} O-O {[%emt 0:00:00]} 5. e4 {[%emt 0:00:30]} d6 {[%emt 0:00:00]} 6. Nge2 {[%emt 0:00:30]} c5 {[%emt 0:00:30]} 7. O-O {[%emt 0:02:30]} Nc6 {[%emt 0:00:30]} 8. d4 {[%emt 0:02:30]} cxd4 {[%emt 0:00:30]} 9. Nxd4 {[%emt 0:02:30]} Bd7 {[%emt 0:00:30] E65: King's Indian: Fianchetto: 6...c5 7 0-0 without d5 by White} 10. Nxc6 {[%emt 0:00:30]} Bxc6 {[%emt 0:04:30]} 11. Be3 {[%emt 0:04:30] LiveBook: 33 Games} Nd7 {[%emt 0:05:30]} (11... a5 12. Qe2 Nd7 13. Rfd1 a4 14. Rac1 Qa5 15. Nd5 Bxd5 16. Rxd5 {1-0 (48) Carlsen,M (2881)-Iturrizaga Bonelli,E (2653) Dubai 2014}) 12. Bd4 {[%emt 0:01:30]} Bxd4 {[%emt 0:06:30]} 13. Qxd4 {[%emt 0:00:30] [#]} a5 $146 {[%emt 0:00:00]} ({Find the theoretical novelty and annotate with similar games:} 13... Qb6 14. Qxb6 Nxb6 15. b3 a5 16. f4 Nd7 17. Rfe1 Rfd8 18. Rad1 Kf8 19. h4 h6 20. Rd2 Ke8 {½-½ (20) Kolvick,R-Chiburdanidze,M (2520) Philadelphia 1989}) 14. h4 {[%emt 0:02:30]} Qb6 {[%emt 0:10:00]} 15. Qd2 {[%emt 0:00:30]} Qc5 {[%emt 0:00:30] [%clk 1:06]} ({Black should play} 15... Ne5 $15) 16. Rfc1 {[%emt 0:03:30]} Rac8 {[%emt 0:39:30]} 17. b3 {[%emt 0:14:30]} Rfe8 {[%emt 0:14:48]} 18. Qf4 {[%emt 0:09:30]} Qe5 {[%emt 0:02:07]} 19. Bh3 {[%emt 0:03:30]} Qxf4 {[%emt 0:03:36]} 20. gxf4 {[%emt 0:00:00]} Rcd8 {[%emt 0:02:21]} 21. Bxd7 {[%emt 0:00:00]} Rxd7 {[%emt 0:00:06]} 22. f3 {[%emt 0:19:30]} e6 {[%emt 0:02:11]} 23. Rd1 {[%emt 0:00:30]} f5 {[%emt 0:00:39]} 24. exf5 {[%emt 0:09:30]} gxf5 {[%emt 0:00:50]} 25. Kf2 {[%emt 0:00:30]} Kf7 {[%emt 0:00:30]} 26. Rd3 {[%emt 0:01:16]} Red8 {[%emt 0:02:14]} 27. Rad1 {[%emt 0:01:38]} Kf6 {[%emt 0:00:44]} 28. a4 {[%emt 0:00:46]} b6 {[%emt 0:01:12]} 29. R3d2 {[%emt 0:01:56]} d5 {[%emt 0:01:25]} 30. cxd5 {[%emt 0:00:13]} Bxd5 {[%emt 0:00:00]} 31. Ke3 {[%emt 0:01:37]} Bc6 {[%emt 0:00:42]} 32. Rxd7 {[%emt 0:03:16]} Rxd7 {[%emt 0:00:00]} 33. Rc1 {[%emt 0:01:06]} Rg7 {[%emt 0:01:27]} 34. Kf2 {[%emt 0:01:47]} Rd7 {[%emt 0:00:09]} 35. Ne2 {[%emt 0:00:31]} Bd5 {[%emt 0:00:42]} 36. Nd4 {[%emt 0:00:31]} e5 {[%emt 0:00:33]} 37. Ne2 {[%emt 0:07:45]} exf4 {[%emt 0:00:04]} 38. Nxf4 {[%emt 0:00:14]} Bxb3 {[%emt 0:00:31]} 39. Rc6+ {[%emt 0:00:40]} Ke5 {[%emt 0:01:02]} 40. Ke3 {[%emt 0:00:00]} Rd6 {[%emt 0:01:07]} 41. Rc7 {[%emt 0:02:44]} Rh6 {[%emt 0:04:30]} 42. h5 {[%emt 0:04:30]} (42. Rd7 $17 {was the only defense.}) 42... Bxa4 {[%emt 0:03:30]} 43. Re7+ {[%emt 0:00:00]} Kd6 {[%emt 0:00:30]} 44. Rf7 {[%emt 0:00:00]} Bd7 {[%emt 0:02:30]} 45. Kd4 {[%emt 0:01:30]} Bc6 {[%emt 0:02:45]} 46. Rxf5 {[%emt 0:04:30]} Bxf3 {[%emt 0:02:00]} 47. Ke3 {[%emt 0:06:00]} Bc6 {[%emt 0:01:03]} 48. Kd4 {[%emt 0:00:30]} a4 {[%emt 0:08:48]} 49. Nd3 {[%emt 0:02:30]} b5 {[%emt 0:01:06]} 50. Nf4 {[%emt 0:07:31]} b4 {[%emt 0:01:04]} 51. Nd3 {[%emt 0:01:21]} b3 {[%emt 0:00:29]} 52. Ne5 {[%emt 0:01:09]} Be8 {[%emt 0:00:26]} 53. Nc4+ {[%emt 0:00:54]} Ke7 {[%emt 0:00:09]} 54. Re5+ {[%emt 0:00:29]} Kf8 $19 {[%emt 0:00:24]} 55. Rf5+ {[%emt 0:01:17]} Kg7 {[%emt 0:00:15]} 56. Rg5+ {[%emt 0:00:34]} Kf6 {[%emt 0:00:14]} 57. Ra5 {[%emt 0:03:03]} Rxh5 {[%emt 0:00:30]} 58. Ra6+ {[%emt 0:00:30]} Kg7 {[%emt 0:00:30]} 59. Ra7+ {[%emt 0:00:30]} Kf8 {[%emt 0:02:52]} 60. Ra8 {[%emt 0:01:38]} Rh4+ {[%emt 0:01:12]} 61. Kc3 {[%emt 0:00:05]} Rxc4+ {[%emt 0:01:03]} 62. Kxc4 {[%emt 0:00:30]} b2 {[%emt 0:00:00]} 63. Rb8 {[%emt 0:00:00]} a3 {[%emt 0:00:00]} 64. Kc3 {[%emt 0:00:34]} Kg7 {[%emt 0:00:00]} 65. Rb7+ {[%emt 0:03:09]} Kh6 {[%emt 0:00:16]} 66. Kd4 {[%emt 0:00:58]} 0-1

[Event "Turkey IS Bank Super League 2017"]
[Site "Darica-Kocaeli"]
[Date "2017.08.03"]
[Round "9"]
[White "Ererdem, Gani Eren"]
[Black "Ali Marandi, Cemil Can"]
[Result "0-1"]
[WhiteElo "2090"]
[BlackElo "2526"]
[Annotator "TA"]
[PlyCount "70"]
[EventType "team-tourn"]
[EventCountry "TUR"]
[SourceTitle "playchess.com"]
[Source "ChessBase"]
[SourceQuality "1"]

{[%evp 20,70,18,19,18,-1,-5,-84,-72,-86,-77,-79,-77,-73,-77,-117,-106,-115,-131,-448,-475,-450,-471,-390,-311,-445,-433,-529,-566,-574,-545,-617,-210,-233,-237,-245,-209,-219,-245,-297,-295,-710,-686,-637,-604,-12843,-12844,-29989,-29990,-29991,-29992,-29992,-29993]} 1. d4 f5 2. c4 Nf6 3. g3 g6 4. Bg2 Bg7 5. Nf3 O-O 6. O-O d6 7. Nc3 c6 8. Rb1 Qe8 9. d5 Na6 10. Nd4 Bd7 11. b4 Rc8 {A87: Dutch Defence: Leningrad System: 5 Nf3} (11... Nc7 12. dxc6 bxc6 13. b5 cxb5 14. cxb5 Rc8 15. a4 d5 16. Qb3 Kh8 17. Ba3 Ne4 18. Nxe4 fxe4 19. Rbd1 {1-0 (61) Gunina,V (2522)-Ju,W (2568) Beijing 2014}) 12. Qb3 Nxb4 13. Qxb4 $146 (13. Qa3 $11) ({Predecessor:} 13. Ne6 Bxe6 14. dxe6 a5 15. a3 Na6 16. Qxb7 Nc5 17. Qa7 Nxe6 18. Qxa5 Nd7 19. Bd2 {0-1 (75) Dorrington,C (2315)-Wall,G (2331) England 2014}) 13... c5 $17 {[%cal Bc6c5,Bc5d4][%mdl 32] Black is better.} 14. Qxb7 cxd4 15. Nb5 Rxc4 16. Nxa7 Ne4 17. Rb4 Rc2 18. Bb2 Nc3 19. Qa6 $2 {[%mdl 8192]} (19. Bxc3 $17 dxc3 20. Qc7) 19... Nxe2+ $19 20. Kh1 f4 {Threatens to win with ...f3.} 21. Qd3 Bf5 22. Be4 (22. Qb3 {only move.} fxg3 23. Nc6) 22... Bh3 (22... Bxe4+ 23. Qxe4 Rd2 24. gxf4 $19) 23. Rg1 {[#]} fxg3 $1 {[%mdl 512]} 24. hxg3 {[#]} (24. fxg3 Nxg1) 24... Qf7 $1 {[%mdl 512]} 25. f4 Rxb2 $2 (25... g5 {( -> ...Qh5)} 26. Bxh7+ (26. Qxc2 $2 {is the wrong capture.} Qh5 $19) 26... Kh8) 26. Rxb2 Nxg1 27. Kxg1 e5 28. Nc6 exf4 29. Rf2 Qd7 30. Rxf4 $2 (30. Kh2) 30... Rxf4 31. gxf4 Qg4+ 32. Kh2 Bh6 33. Qf3 Bxf4+ {Black mates.} 34. Kh1 Qh4 35. Ne7+ Kg7 {Precision: White = 19%, Black = 81%.} 0-1

[Event "Turkey IS Bank Super League 2017"]
[Site "Darica-Kocaeli"]
[Date "2017.08.03"]
[Round "9"]
[White "Arda, Cagil Irmak"]
[Black "Kose, Ulya"]
[Result "1-0"]
[WhiteElo "2080"]
[BlackElo "1591"]
[Annotator "NA"]
[PlyCount "89"]
[EventType "team-tourn"]
[EventCountry "TUR"]
[SourceTitle "playchess.com"]
[Source "ChessBase"]
[SourceQuality "1"]
[TimeControl "40/5400+30:1800+30"]

1. e4 {[%emt 0:01:30]} e5 {[%emt 0:01:00]} 2. Nf3 {[%emt 0:00:30]} Nc6 {[%emt 0:01:30]} 3. Nc3 {[%emt 0:00:30]} Nf6 {[%emt 0:00:30]} 4. Bb5 {[%emt 0:01:30]} Bb4 {[%emt 0:01:30]} 5. O-O {[%emt 0:00:00]} O-O {[%emt 0:00:30]} 6. d3 {[%emt 0:00:00]} d6 {[%emt 0:00:30]} 7. Bg5 {[%emt 0:00:00]} Bxc3 {[%emt 0:01:30]} 8. bxc3 {[%emt 0:00:00]} Qe7 {[%emt 0:00:30]} 9. Re1 {[%emt 0:02:30]} Nd8 {[%emt 0:04:30]} 10. d4 {[%emt 0:07:30]} Ne6 {[%emt 0:04:30]} 11. Bc1 {[%emt 0:00:30] LiveBook: 290 Games} Rd8 {[%emt 0:02:30]} 12. Ba3 {[%emt 0:01:30] C49: Four Knights: 4 Bb5 Bb4} (12. Bf1 c5 13. g3 Nf8 14. Nh4 h6 15. a4 Qc7 16. a5 Bd7 17. Nf5 Ng6 18. Ne3 Ne7 19. dxe5 dxe5 20. Qf3 Qc6 21. Bd3 {½-½ (40) Ivanchuk,V (2731)-Nakamura,H (2786) Antalya 2013}) 12... c5 {[%emt 0:13:30] [%clk 1:04]} 13. g3 {[%emt 0:15:30]} Qc7 {[%emt 0:09:30]} 14. Bf1 {[%emt 0:04:30]} Bd7 $146 {[%emt 0:21:30]} ({Find the theoretical novelty and annotate with similar games:} 14... cxd4 15. cxd4 b6 16. d5 Nc5 17. Nd2 Bd7 18. Bg2 b5 19. Nb3 Na4 {0-1 (41) Lots,S-Fedosenko,P (2236) Ordzhonikidze 2004}) 15. d5 {[%emt 0:06:30]} Nf8 {[%emt 0:01:30]} 16. Bc1 {[%emt 0:00:30]} h6 {[%emt 0:03:30]} 17. Nh4 {[%emt 0:00:30]} Ng6 {[%emt 0:01:30]} 18. Nxg6 {[%emt 0:03:30]} fxg6 {[%emt 0:00:30]} 19. f4 {[%emt 0:00:30]} c4 {[%emt 0:09:30]} 20. Qe2 {[%emt 0:07:30]} Rac8 {[%emt 0:02:49]} 21. Bg2 {[%emt 0:03:30]} Rf8 {[%emt 0:01:55]} 22. fxe5 {[%emt 0:08:30]} dxe5 {[%emt 0:00:52]} 23. h3 {[%emt 0:00:30]} Nh5 {[%emt 0:03:54]} 24. Kh2 {[%emt 0:00:30]} Rf7 {[%emt 0:01:04]} 25. Ba3 {[%emt 0:00:30]} b5 $11 {[%emt 0:03:15]} 26. Rf1 {[%emt 0:01:30]} Re8 {[%emt 0:04:36]} 27. Qe3 {[%emt 0:07:30]} Qb6 {[%emt 0:01:32]} 28. Bc5 {[%emt 0:01:30]} Qb7 {[%emt 0:00:32]} 29. Rxf7 {[%emt 0:00:30]} Kxf7 {[%emt 0:00:30]} 30. Bxa7 {[%emt 0:00:30]} Kg8 {[%emt 0:00:30]} 31. Bc5 {[%emt 0:00:30]} Nf6 {[%emt 0:00:58]} 32. Rf1 {[%emt 0:03:30]} Ra8 {[%emt 0:01:16]} 33. a3 {[%emt 0:04:07]} Be8 {[%emt 0:00:55]} 34. Bd6 {[%emt 0:02:14]} Nd7 {[%emt 0:00:25]} 35. Bf3 {[%emt 0:01:33]} Qa6 {[%emt 0:01:16]} 36. Bb4 {[%emt 0:02:28]} Nf6 {[%emt 0:01:15]} 37. Qc5 {[%emt 0:00:38]} Bd7 {[%emt 0:00:23]} 38. Bg2 {[%emt 0:04:32]} Qa4 {[%emt 0:00:32]} 39. Rf2 {[%emt 0:01:03]} Qa6 {[%emt 0:00:33]} 40. Qd6 {[%emt 0:00:00]} Qb7 {[%emt 0:01:28]} 41. Qxe5 {[%emt 0:03:55]} Re8 {[%emt 0:01:30]} 42. Qd4 {[%emt 0:01:30]} Nh5 {[%emt 0:02:30]} 43. e5 {[%emt 0:00:30]} Qb8 {[%emt 0:00:30]} 44. Bd6 {[%emt 0:00:30]} Qd8 {[%emt 0:01:30]} 45. g4 {[%emt 0:01:30]} 1-0

[Event "Turkey IS Bank Super League 2017"]
[Site "Darica-Kocaeli"]
[Date "2017.08.03"]
[Round "9"]
[White "Gundogan, Cem"]
[Black "Yurtseven, Melih"]
[Result "0-1"]
[WhiteElo "2062"]
[BlackElo "2353"]
[Annotator "NA"]
[PlyCount "94"]
[EventType "team-tourn"]
[EventCountry "TUR"]
[SourceTitle "playchess.com"]
[Source "ChessBase"]
[SourceQuality "1"]
[TimeControl "40/5400+30:1800+30"]

1. d4 {[%emt 0:00:30]} Nf6 {[%emt 0:05:00]} 2. Nf3 {[%emt 0:00:30]} g6 {[%emt 0:00:30]} 3. b4 {[%emt 0:00:00]} e6 {[%emt 0:02:30]} 4. a3 {[%emt 0:02:00]} a5 {[%emt 0:00:30]} 5. b5 {[%emt 0:00:30]} Bg7 {[%emt 0:00:00]} 6. Bb2 {[%emt 0:00:30]} O-O {[%emt 0:00:00]} 7. c4 {[%emt 0:00:30]} d6 {[%emt 0:00:00]} 8. e3 {[%emt 0:02:30]} Nbd7 {[%emt 0:01:00]} 9. Nc3 {[%emt 0:00:30]} Re8 {[%emt 0:02:30]} 10. Na4 {[%emt 0:09:30]} Qe7 {[%emt 0:02:30]} 11. Qc2 {[%emt 0:03:30]} e5 {[%emt 0:06:30] [%clk 1:15]} 12. c5 {[%emt 0:30:30]} e4 {[%emt 0:06:30]} 13. cxd6 {[%emt 0:01:30]} cxd6 {[%emt 0:00:30]} 14. Nd2 {[%emt 0:00:30]} Nd5 {[%emt 0:02:30]} 15. Bc4 {[%emt 0:09:30]} N5b6 {[%emt 0:02:30]} 16. Nc3 {[%emt 0:04:30]} Nf6 {[%emt 0:00:30]} 17. a4 {[%emt 0:05:30]} h5 {[%emt 0:04:30]} 18. Ba3 {[%emt 0:01:30]} h4 {[%emt 0:03:30]} 19. h3 $1 {[%emt 0:00:30]} Bf5 {[%emt 0:00:00]} 20. Bb3 {[%emt 0:13:24]} Rac8 {[%emt 0:04:00]} 21. Qb2 {[%emt 0:00:15]} Qd7 {[%emt 0:01:30]} 22. Ne2 {[%emt 0:01:32]} g5 {[%emt 0:04:30]} 23. Qa2 {[%emt 0:01:25]} Rc7 {[%emt 0:10:30]} 24. g4 {[%emt 0:03:01]} Bg6 {[%emt 0:02:30]} 25. Rc1 {[%emt 0:02:08]} Rec8 {[%emt 0:03:30]} 26. Nc4 {[%emt 0:01:08]} Nxc4 {[%emt 0:02:30]} 27. Rxc4 {[%emt 0:00:41]} Rxc4 {[%emt 0:11:30]} 28. Bxc4 {[%emt 0:00:30]} Bf8 {[%emt 0:00:30]} 29. Bb3 {[%emt 0:00:36]} Kh7 {[%emt 0:05:18]} 30. Qd2 {[%emt 0:02:24]} b6 {[%emt 0:00:42]} 31. d5 {[%emt 0:01:59]} Qe8 {[%emt 0:04:11]} 32. Nd4 {[%emt 0:01:48]} Nd7 {[%emt 0:00:24]} 33. Nc6 {[%emt 0:00:30]} f5 {[%emt 0:03:55]} 34. Rg1 {[%emt 0:00:38]} Be7 {[%emt 0:02:30]} 35. gxf5 {[%emt 0:00:47]} Bxf5 {[%emt 0:00:02]} 36. Qe2 {[%emt 0:00:10]} Kh6 {[%emt 0:02:15]} 37. Nd4 {[%emt 0:00:33]} Qg6 {[%emt 0:01:21]} 38. Bd1 {[%emt 0:00:10]} Bxh3 {[%emt 0:04:31]} 39. Rh1 {[%emt 0:00:08]} g4 {[%emt 0:00:00]} 40. Nc6 {[%emt 0:00:00]} Bf6 {[%emt 0:00:51]} 41. Bb2 {[%emt 0:02:13]} Rf8 {[%emt 0:09:30]} 42. Bxf6 {[%emt 0:03:30]} Rxf6 {[%emt 0:05:03]} 43. Ne7 $19 {[%emt 0:02:30]} Qf7 {[%emt 0:04:29]} 44. Rxh3 {[%emt 0:01:30]} gxh3 {[%emt 0:00:30]} 45. Ng8+ {[%emt 0:00:00]} Qxg8 {[%emt 0:00:13]} 46. Qh5+ {[%emt 0:00:00]} Kg7 {[%emt 0:00:21]} 47. Qg4+ {[%emt 0:00:30]} Kh8 {[%emt 0:00:49]} 0-1